Obras del venerable padre fray Alonso de Orozco

Na minha lista:
Detalhes bibliográficos
Autor principal: Orozco, Alonso de (autor)
Formato: Livro
Idioma:espanhol
Publicado em: Barcelona Imprenta de la Viuda e Hijos de J. Subirana 1882
Edição:1a. ed
Colecção:La Verdadera Ciencia Española
Assuntos:
Tags: Adicionar Tag
Sem tags, seja o primeiro a adicionar uma tag!

MARC

LEADER 00000cam a2200000 a 4500
001 UCD1668
003 CL-VaPUC
008 160324e18820000sp |||||||||||||||||spa|d
082 0 4 |a 230.2  |b ORO  |2 21 
100 |a Orozco, Alonso de  |e autor  |9 584811 
245 1 0 |a Obras del venerable padre fray Alonso de Orozco 
250 |a 1a. ed 
300 |a t 
942 |c BK 
945 |d 20160324 12:59:00  |a dcastane 
260 |a Barcelona  |b Imprenta de la Viuda e Hijos de J. Subirana  |c 1882 
650 0 |a Vida espiritual  |9 307811 
650 0 |a Iglesia Católica  |9 256114 
583 |a last modification  |c 20160324 12:59:00  |k Rodrigo Vera 
490 0 |a La Verdadera Ciencia Española 
999 |c 362939  |d 362937 
952 |0 0  |1 0  |3 erd  |4 0  |6 230_200000000000000_ORO_1882  |7 0  |8 P  |9 474566  |a BIBTEO  |b BIBTES  |c TEO_FTES  |h t.1  |i 5278368  |o 230.2 ORO 1882  |p 5278368  |r 2024-01-18  |w 2019-11-24  |y BK  |z Catalogado en:20160324  |k ICR